| 000 | 00604nam a22002057a 4500 | ||
|---|---|---|---|
| 999 |
_c11415 _d11415 |
||
| 003 | AR-CdUCM | ||
| 008 | 190403b ||||| |||| 00| 0 spa d | ||
| 040 |
_aMUNICIPALIDAD PROVINCIAL DEL CUSCO _cBIBLIOTECA MUNICIPAL DEL CUSCO |
||
| 082 |
_a869.56 / _bP42C / 1931 |
||
| 100 |
_aPeña, Enrique _928763 |
||
| 245 | _aCinema de los sentidos puros / | ||
| 260 |
_aLima : _bF. E. Hidalgo. _c1931. |
||
| 300 |
_a29 páginas ; _c21 cm. |
||
| 505 | _aContenido: Poesías. | ||
| 650 |
_aPoesías peruanas _91481 |
||
| 650 |
_aSiglo XX _98 |
||
| 650 |
_aLiteratura _983 |
||
| 942 |
_2ddc _cLIBROS |
||
| 945 | _aachl | ||